| 000 | 01468cam a2200361 a 4500 | ||
|---|---|---|---|
| 999 |
_c7712 _d7712 |
||
| 003 | OSt | ||
| 005 | 20200513120722.0 | ||
| 008 | 100223s2010 nyua b 000 0 eng | ||
| 010 | _a 2010007934 | ||
| 016 | 7 |
_a015567020 _2Uk |
|
| 020 | _a9781568988849 (alk. paper) | ||
| 041 | 1 |
_aeng _hspa |
|
| 043 | _ae-gx--- | ||
| 082 | 0 | 0 |
_a720.92 _222 |
| 100 | 1 |
_aOtto, Frei, _d1925-2015. |
|
| 240 | 1 | 0 |
_aFrei Otto. _lEnglish |
| 245 | 1 | 2 |
_aA conversation with Frei Otto / _cJuan María Songel. |
| 250 | _aEnglish ed. | ||
| 260 |
_aNew York : _bPrinceton Architectural Press, _cc2010. |
||
| 300 |
_a96 p. : _bill. ; _c21 cm. |
||
| 490 | 1 | _aConversations: a Princeton Architectural Press series | |
| 500 | _aOriginally published: Frei Otto : conversación con Juan María Songel. Barcelona, Spain : Editorial Gustavo Gili, 2008. | ||
| 504 | _aIncludes bibliographical references. | ||
| 505 | 0 | _aThe fundamentals of future architecture / Frei Otto -- A conversation with Frei Otto -- Frei Otto, investigator of the processes of form generation / Juan María Songel -- Illustration credits. | |
| 546 | _aTranslated from the Spanish. | ||
| 600 | 1 | 0 |
_aOtto, Frei, _d1925-2015 _vInterviews. |
| 650 | 0 |
_aArchitects _zGermany _vInterviews. |
|
| 650 | 0 |
_aArchitecture _zGermany _xHistory _y20th century. |
|
| 700 | 1 | _aSongel, Juan María. | |
| 700 | 1 | 2 |
_aOtto, Frei, _d1925-2015. _tGrundlagen einer Baukunst von Morgen. |
| 830 | 0 | _aConversations with students. | |
| 942 | _2ddc | ||